| 000 | 01307nas a22002897a 4500 | ||
|---|---|---|---|
| 005 | 20250619125632.0 | ||
| 007 | cr | ||
| 008 | 250617c1957 cr |n|p| |||| 00| 0 spa d | ||
| 022 | _a00016012 (impresa) | ||
| 022 | _a22155856 (en línea) | ||
| 040 | _cAR-FvUNAJ | ||
| 245 | 1 | 0 |
_aActa Médica Costarricense / _cColegio de médicos y cirujanos de Costa Rica. |
| 260 |
_aSanJosé (Costa Rica) : _bColegio de médicos y cirujanos de Costa Rica, _c1957 - |
||
| 300 | _aImpresa y digital | ||
| 310 | _aTrismestral | ||
| 362 | _aVol. 1. No. 1 (1957) - | ||
| 515 | _aLa publicación fue discontinuada a inicios de la década de 1990, pero volvió a editarse a partir del año 1995 y retomó su numeración. Posteriormente también implementó una versión en línea disponible en su sitio web. | ||
| 650 | 2 | 7 |
_2decs _95771 _aMEDICINA CLINICA |
| 650 | 2 | 7 |
_2decs _9151 _aSALUD PUBLICA |
| 650 | 2 | 7 |
_2decs _9150 _aEPIDEMIOLOGIA |
| 710 | 2 |
_921533 _aColegio de médicos y cirujanos (San José de Costar Rica) |
|
| 856 | 4 | 1 | _uhttps://actamedica.medicos.cr/index.php/Acta_Medica/index |
| 856 | 4 | 1 |
_uhttps://actamedica.medicos.cr/index.php/Acta_Medica/article/view/23/19 _yErrores médicos (Medical Errors) |
| 869 | _a---- | ||
| 942 |
_2ddc _cURL |
||
| 980 |
_619227 _aLeticia Ana Abalos _819227 _gLeticia Ana Abalos |
||
| 999 |
_c10986 _d10986 |
||